Normal view
MARC view
Entry Personal Name
001 - CONTROL NUMBER
- control field: 25954
003 - CONTROL NUMBER IDENTIFIER
- control field: ARRUPE
005 - DATE AND TIME OF LATEST TRANSACTION
- control field: 20160920113455.0
008 - FIXED-LENGTH DATA ELEMENTS
- fixed length control field: 160920|| aca||aabn | a|a d
040 ## - CATALOGING SOURCE
- Original cataloging agency: ARRUPE
- Transcribing agency: ARRUPE
100 ## - HEADING--PERSONAL NAME
- Personal name: Dennison, André.
- General subdivision: Diaries
670 ## - SOURCE DATA FOUND
- Source citation: Work cat.: (ARRUPE)0: Dennison, André. 25953, The war diaries of André Dennison /, 1989.